000 00873cam a2200229 a 4500
001 000001401
005 20200929145552.0
008 061214s2006 ck a b f001 0 spa d
020 _a9586641759
040 _aDO-SdBNP
_bspa
_cBNPHU
082 _a686.288
_bH493b
100 1 _aHenao Jaramillo, Ignacio Alberto.
_94690
245 1 0 _aBilletes de Colombia :
_bépoca del Banco de la República, 1923-2006 /
_cIgnacio Alberto Henao Jaramillo.
260 _aBogotá, (Colombia) :
_bBanco de la República,
_c2006.
300 _a223 p. :
_bil. ;
_c35 cm.
504 _aIncluye referencias bibliográficas (p. 223).
650 4 _aBilletes de banco
_zColombia
_y1923-2006
_94691
650 4 _aPapel moneda
_zColombia
_94692
650 4 _aNumismática
_94693
650 4 _aBanco de la república (bogotá)
_xHistoria
_y1923-2006
_94694
710 2 _aBanco de la Republica (Colombia)
_94695
999 _c1322
_d1322